MARC

LEADER 00000cam a2200000 7i4500
001 0000021880
005 20090316.0
008 090204 my a may
040 |a INS 
090 0 0 |a VO118 
110 1 |a Kursus pengumpulan dan pengurusan data harta tanah khas ,   |d 2008 20 - 23 Mei   |c INSPEN, Bangi 
245 0 0 |a Kursus pengumpulan dan pengurusan data harta tanah khas :   |b 20 - 23 Mei 2008   |c AnjuranPusat Penilaian dan Perkhidmatan Harta, INSPEN 
260 |a Bangi :   |b Institut Penilaian Negara ,   |c 2008 
300 |a 1v (Various pagings) :   |b pic., map, ill. ;   |c 30 cm. 
650 0 |a Land use   |x Data processing 
710 1 |a INSPEN ( Institut Penilaian Negara ) 
856 |u http://app.inspen.gov.my:7779/pls/portal/docs/PAGE/CORPORATEPAGES/PORTAL_INSPEN/NOTA_KURSUS/VO/KURSUS%20PENGUMPULAN%20DAN%20PENGURUSAN%20DATA%20HARTA%20TANAH%20KHAS.PDF 
999 |a VO00000230   |b BOOK   |c Course Notes   |e Default branch 
999 |a VO00000231   |b BOOK   |c Course Notes   |e Default branch 
999 |a VO00000302   |b BOOK   |c Course Notes   |e Default branch